00534nam a2200193 a 4500001001300000003000900013005001700022008004100039020001000080082001600090100002100106245006000127260004200187300000900229500003500238505001000273650003600283700002100319nice12345678IN_TiNIC20260116012419.0050524s1940 u sa grp 000 0 eng  ac10000a291.82bELI aEliot, Charles W aSacred Writingsb Christian, Budhist, Hindu, Mohammedan aU S abGrolier Enterprises Corpc1940 a521p aincludes index and biblioraphy2 aindex aComparative Religion-Scriptures1 aEliot, Charles W